000 00405cam a2200145I 4500
040 _cYNG
082 _a332 ETY 1968 C324 Or.
100 1 _aSkeat, Walter W.
245 1 3 _aAn etymological dictionary of the English language /
250 _aNew ed. rev. and enl
260 _aOxford :
_bClarendon Press,
_c[1968, 1882]
300 _axliv, 780 p. ;
_c28 cm
650 0 _aEnglish language
942 _cAEDBB
999 _c22239
_d22239